[Event "Reviakino"]
[Site "Reviakino"]
[Date "2017.12.27"]
[Round "10"]
[White "Larionov, Sergey Aleksandrovi"]
[Black "Kozlov, Mikhail P"]
[Result "1/2-1/2"]
[WhiteElo "1918"]
[BlackElo "2160"]
[PlyCount "54"]
[EventDate "2017.12.22"]
[EventType "tourn"]
[EventRounds "13"]
[EventCountry "RUS"]
[SourceTitle "CBM 182 Extra"]
[Source "ChessBase"]
[SourceDate "2018.02.23"]
[SourceVersion "1"]
[SourceVersionDate "2018.02.23"]
[SourceQuality "1"]

1. e4 e5 2. Nf3 Nf6 3. Nc3 Nc6 4. Bc4 Bc5 5. d3 d6 6. 0-0 0-0 7. Bg5 Bg4 8. Nd5 Nd4 9. Nxf6+ gxf6 10. Bh6 Re8 11. c3 Nxf3+ 12. gxf3 Bh3 13. Kh1 Bxf1 14. Qxf1 Kh8 15. Bxf7 Qd7 16. Bxe8 Rxe8 17. Qe2 Rg8 18. Rg1 Rg6 19. Rxg6 hxg6 20. Be3 Qh3 21. b4 Bb6 22. Bxb6 axb6 23. Kg1 b5 24. Qe3 Kg7 25. Qa7 Qxf3 26. Qxb7 Qg4+ 27. Kf1 Qd1+ 1/2-1/2

[Event "Reviakino"]
[Site "Reviakino"]
[Date "2017.12.23"]
[Round "3"]
[White "Domogaev, Sergey"]
[Black "Larionov, Sergey Aleksandrovi"]
[Result "1-0"]
[WhiteElo "2412"]
[BlackElo "1918"]
[PlyCount "49"]
[EventDate "2017.12.22"]
[EventType "tourn"]
[EventRounds "13"]
[EventCountry "RUS"]
[SourceTitle "CBM 182 Extra"]
[Source "ChessBase"]
[SourceDate "2018.02.23"]
[SourceVersion "1"]
[SourceVersionDate "2018.02.23"]
[SourceQuality "1"]

1. d4 Nf6 2. c4 e6 3. Nf3 Bb4+ 4. Bd2 Bxd2+ 5. Nbxd2 b6 6. e4 Bb7 7. Bd3 d6 8. 0-0 Nbd7 9. Qe2 0-0 10. Rfd1 Nh5 11. g3 Nhf6 12. e5 dxe5 13. dxe5 Ng4 14. Be4 c6 15. Bxh7+ Kh8 16. Bc2 Nh6 17. Ne4 c5 18. Ba4 Bc8 19. Nd6 Ba6 20. Bc6 Qc7 21. Bxa8 Rxa8 22. Qe4 Rf8 23. Ng5 g6 24. Qh4 Kg7 25. Ngxf7 1-0

[Event "Reviakino"]
[Site "Reviakino"]
[Date "2017.12.23"]
[Round "2"]
[White "Larionov, Sergey Aleksandrovi"]
[Black "Gusev, Aleksey"]
[Result "0-1"]
[WhiteElo "1918"]
[BlackElo "2398"]
[PlyCount "118"]
[EventDate "2017.12.22"]
[EventType "tourn"]
[EventRounds "13"]
[EventCountry "RUS"]
[SourceTitle "CBM 182 Extra"]
[Source "ChessBase"]
[SourceDate "2018.02.23"]
[SourceVersion "1"]
[SourceVersionDate "2018.02.23"]
[SourceQuality "1"]

1. Nf3 Nf6 2. c4 g6 3. b3 Bg7 4. Bb2 0-0 5. e3 c6 6. Be2 d5 7. 0-0 Na6 8. cxd5 cxd5 9. Bxa6 bxa6 10. Be5 Bf5 11. Qe2 Qb6 12. Nc3 Qe6 13. Rfc1 Bg4 14. d4 Rfc8 15. h3 Bf5 16. Na4 Ne4 17. Bf4 g5 18. Bxg5 Nxg5 19. Nxg5 Qg6 20. f4 f6 21. Nf3 Bxh3 22. Nh4 Qg3 23. Qf2 Qxf2+ 24. Kxf2 Bg4 25. Rc5 Rxc5 26. Nxc5 a5 27. Kg3 h5 28. Nf3 Rc8 29. Rc1 Kf7 30. Nd3 Rxc1 31. Nxc1 Bf5 32. Ne2 e6 33. Nc3 Bf8 34. Nb5 a6 35. Nc7 Bd3 36. Ne1 Bb1 37. a4 Ba2 38. Na8 Bxb3 39. Nb6 Ke7 40. Nd3 Kd8 41. Nc5 Bxc5 42. dxc5 Kc7 43. Kh4 Bd1 44. f5 exf5 45. Nxd5+ Kc6 46. Nc3 Bg4 47. Kg3 Kxc5 48. Kf2 Kb4 49. Nd5+ Kxa4 50. Ke1 Kb3 51. Kd2 a4 52. Kc1 a3 53. Kb1 Kc4 54. Nf4 Kc3 55. Ka2 Kd2 56. Nd5 Kd3 57. Kxa3 Ke4 58. Nb4 Kxe3 59. Nxa6 Kf2 0-1

[Event "Reviakino"]
[Site "Reviakino"]
[Date "2017.12.22"]
[Round "1"]
[White "Moiseenko, Vladimir"]
[Black "Larionov, Sergey Aleksandrovi"]
[Result "1-0"]
[WhiteElo "2257"]
[BlackElo "1918"]
[PlyCount "87"]
[EventDate "2017.12.22"]
[EventType "tourn"]
[EventRounds "13"]
[EventCountry "RUS"]
[SourceTitle "CBM 182 Extra"]
[Source "ChessBase"]
[SourceDate "2018.02.23"]
[SourceVersion "1"]
[SourceVersionDate "2018.02.23"]
[SourceQuality "1"]

1. e4 c5 2. c3 d6 3. d4 Nf6 4. Bd3 e5 5. d5 Be7 6. Ne2 Nbd7 7. Ng3 Nf8 8. 0-0 Ng6 9. Na3 0-0 10. Bg5 Nf4 11. Bxf4 exf4 12. Nh5 Nxh5 13. Qxh5 Bf6 14. Qf3 Be5 15. Nc4 Qg5 16. Nxe5 Qxe5 17. g3 g5 18. h4 f6 19. a4 Bd7 20. Kg2 Kg7 21. Rh1 h6 22. Bb5 Be8 23. Rae1 fxg3 24. fxg3 Bg6 25. Bd7 h5 26. Re2 g4 27. Qd3 a6 28. Rf1 Qe7 29. Be6 Rae8 30. Ref2 Qc7 31. c4 Qa5 32. b3 b5 33. axb5 axb5 34. cxb5 Rb8 35. Bd7 Qb4 36. Re2 Rf7 37. Bc6 Re7 38. Rf4 Qa5 39. Kh2 Re5 40. Qc2 Qa1 41. Ref2 Qd4 42. Rxf6 Rxe4 43. Rxg6+ Kxg6 44. Rf4 1-0

[Event "Tambov Region-ch 1st League"]
[Site "Tambov"]
[Date "2017.10.27"]
[Round "5"]
[White "Pishchalnikov, Roman A"]
[Black "Larionov, Sergey Aleksandrovi"]
[Result "1-0"]
[WhiteElo "1836"]
[BlackElo "1918"]
[PlyCount "67"]
[EventDate "2017.10.25"]
[EventType "tourn"]
[EventRounds "9"]
[EventCountry "RUS"]
[SourceTitle "CBM 181 Extra"]
[Source "ChessBase"]
[SourceDate "2017.12.12"]
[SourceVersion "1"]
[SourceVersionDate "2017.12.12"]
[SourceQuality "1"]

1. d4 d5 2. c4 c6 3. Nf3 Nd7 4. Nc3 Ngf6 5. Bf4 h6 6. e3 e6 7. Bd3 dxc4 8. Bxc4 Nb6 9. Bb3 Be7 10. 0-0 0-0 11. Qc2 c5 12. dxc5 Bxc5 13. Rfd1 Nbd7 14. Na4 Bb4 15. Bc7 Qe8 16. a3 Be7 17. Rac1 b6 18. Nc3 Bb7 19. Nb5 a6 20. Nd6 Bxd6 21. Bxd6 Rd8 22. Bxf8 Qxf8 23. Qc7 Ba8 24. Ne5 Qe7 25. Nc6 Bxc6 26. Rxc6 b5 27. Rxa6 Kh7 28. Rad6 g6 29. Qc2 Kg7 30. h3 h5 31. a4 bxa4 32. Bxa4 Kh7 33. Bxd7 Nxd7 34. Qd2 1-0

[Event "Moscow VAO FM 07"]
[Site "Moscow"]
[Date "2015.07.27"]
[Round "?"]
[White "Mirzoeva, Elmira"]
[Black "Larionov, Sergey Aleksandrovi"]
[Result "1-0"]
[WhiteElo "2229"]
[BlackElo "1976"]
[PlyCount "40"]
[EventDate "2015.07.27"]
[EventType "tourn"]
[EventRounds "10"]
[EventCountry "RUS"]
[SourceTitle "EXT 2016"]
[Source "ChessBase"]
[SourceDate "2015.10.08"]
[SourceVersion "1"]
[SourceVersionDate "2015.10.08"]
[SourceQuality "1"]

1. d4 d5 2. c4 c6 3. Nf3 e6 4. Nc3 f5 5. Bf4 Bd6 6. e3 Nf6 7. Bd3 0-0 8. 0-0 Kh8 9. Bxd6 Qxd6 10. c5 Qe7 11. Ne5 Ng4 12. Nxg4 fxg4 13. Qxg4 e5 14. Qh5 e4 15. Bc2 Rf5 16. Qg4 Rf8 17. Qg3 b6 18. cxb6 Nd7 19. bxa7 Ba6 20. Rfe1 Rxa7 1-0

[Event "Moscow 08"]
[Site "Moscow"]
[Date "2014.02.26"]
[Round "9"]
[White "Larionov, Sergey Aleksandrovi"]
[Black "Naumkin, Igor"]
[Result "0-1"]
[WhiteElo "2049"]
[BlackElo "2468"]
[PlyCount "52"]
[EventDate "2014.02.19"]
[EventType "tourn"]
[EventRounds "9"]
[EventCountry "RUS"]
[EventCategory "2"]
[SourceTitle "EXT 2016"]
[Source "ChessBase"]
[SourceDate "2015.10.08"]
[SourceVersion "1"]
[SourceVersionDate "2015.10.08"]
[SourceQuality "1"]

1. d3 d5 2. Nd2 e5 3. c3 Nf6 4. h3 a5 5. g4 Nc6 6. Bg2 Bc5 7. Nf1 d4 8. c4 Bb4+ 9. Nd2 h6 10. a3 Bxd2+ 11. Bxd2 0-0 12. g5 hxg5 13. Bxg5 Qd6 14. c5 Qe6 15. e4 dxe3 16. fxe3 Nh7 17. Bh4 Qh6 18. Bf2 Qg6 19. Be4 Bf5 20. Bxc6 Qxc6 21. Nf3 Rad8 22. Rg1 Rxd3 23. Qe2 f6 24. Nh4 Be4 25. Ng6 Bxg6 26. Rxg6 Rfd8 0-1

[Event "Moscow 08"]
[Site "Moscow"]
[Date "2014.02.20"]
[Round "2"]
[White "Larionov, Sergey Aleksandrovi"]
[Black "Golubev, Roman"]
[Result "0-1"]
[WhiteElo "2049"]
[BlackElo "2171"]
[PlyCount "30"]
[EventDate "2014.02.19"]
[EventType "tourn"]
[EventRounds "9"]
[EventCountry "RUS"]
[EventCategory "2"]
[SourceTitle "EXT 2016"]
[Source "ChessBase"]
[SourceDate "2015.10.08"]
[SourceVersion "1"]
[SourceVersionDate "2015.10.08"]
[SourceQuality "1"]

1. c4 Nf6 2. Nc3 d5 3. e3 g6 4. Nf3 Bg7 5. Be2 0-0 6. 0-0 c5 7. cxd5 Nxd5 8. a3 Nc6 9. Qc2 b6 10. d3 Bb7 11. Bd2 Rc8 12. Rfc1 Qd7 13. Rab1 Rfd8 14. Be1 Nd4 15. exd4 cxd4 0-1

[Event "Moscow op-E"]
[Site "Moscow"]
[Date "2011.01.30"]
[Round "2.111"]
[White "Larionov, Sergey Aleksandrovi"]
[Black "Vakhlamov, Igor L"]
[Result "0-1"]
[WhiteElo "2081"]
[BlackElo "2315"]
[PlyCount "48"]
[EventDate "2011.01.29"]
[EventType "swiss"]
[EventRounds "9"]
[EventCountry "RUS"]
[SourceTitle "EXT 2022"]
[Source "ChessBase"]
[SourceDate "2021.10.06"]
[SourceVersion "1"]
[SourceVersionDate "2021.10.06"]
[SourceQuality "1"]

1. c4 c6 2. Nf3 d5 3. e3 Nf6 4. d4 a6 5. Nbd2 b5 6. b3 Bg4 7. h3 Bh5 8. g4 Bg6 9. Nh4 e6 10. Nxg6 hxg6 11. Bg2 Nbd7 12. e4 dxe4 13. Nxe4 Nxe4 14. Bxe4 Bb4+ 15. Kf1 Rc8 16. Bb2 Nf6 17. Bf3 0-0 18. h4 bxc4 19. bxc4 c5 20. h5 cxd4 21. hxg6 fxg6 22. Qd3 Qe8 23. a3 Bc3 24. Bxc3 dxc3 0-1

[Event "Moscow 10"]
[Site "Moscow"]
[Date "2009.10.22"]
[Round "6"]
[White "Larionov, Sergey Aleksandrovi"]
[Black "Babikov, Ivan"]
[Result "0-1"]
[WhiteElo "2169"]
[BlackElo "2333"]
[PlyCount "60"]
[EventDate "2009.10.17"]
[EventType "tourn"]
[EventRounds "13"]
[EventCountry "RUS"]
[EventCategory "3"]
[SourceTitle "EXT 2010"]
[Source "ChessBase"]
[SourceDate "2010.11.25"]
[SourceVersion "1"]
[SourceVersionDate "2010.11.25"]
[SourceQuality "1"]

1. e4 e5 2. Nf3 Nc6 3. d4 exd4 4. c3 d5 5. exd5 Qxd5 6. cxd4 Bg4 7. Nc3 Qh5 8. Be2 Nf6 9. 0-0 Bd6 10. Nb5 Bxh2+ 11. Nxh2 Bxe2 12. Re1 Qxb5 13. Rxe2+ Kf8 14. a4 Qd5 15. Ra3 Nxd4 16. Rd2 c5 17. Rad3 Ne4 18. Rxd4 cxd4 19. Rxd4 Qe6 20. f3 Nf6 21. Rd6 Qe5 22. f4 Qc5+ 23. Rd4 Re8 24. Nf3 h5 25. b4 Qe7 26. Ne5 h4 27. Qb3 Qe6 28. Qf3 h3 29. g4 h2+ 30. Kh1 Nxg4 0-1

[Event "Moscow 05"]
[Site "Moscow"]
[Date "2009.05.18"]
[Round "11"]
[White "Larionov, Sergey Aleksandrovi"]
[Black "Oparin, Grigoriy"]
[Result "0-1"]
[WhiteElo "2208"]
[BlackElo "2257"]
[PlyCount "40"]
[EventDate "2009.05.08"]
[EventType "tourn"]
[EventRounds "11"]
[EventCountry "RUS"]
[EventCategory "3"]
[SourceTitle "CBM 130 Extra"]
[Source "ChessBase"]
[SourceDate "2009.07.02"]
[SourceVersion "2"]
[SourceVersionDate "2009.07.15"]
[SourceQuality "1"]

1. d4 d5 2. c4 e6 3. Nc3 Be7 4. Nf3 Nf6 5. Bg5 0-0 6. e3 h6 7. Bxf6 Bxf6 8. h4 b6 9. cxd5 exd5 10. g3 Bg4 11. Bg2 Re8 12. Rc1 c5 13. dxc5 d4 14. Na4 b5 15. 0-0 bxa4 16. exd4 Nc6 17. d5 Nd4 18. d6 Ne2+ 19. Kh1 Nxc1 20. Qxc1 Rc8 0-1

[Event "Moscow 05"]
[Site "Moscow"]
[Date "2009.05.15"]
[Round "8"]
[White "Bagirov, Rufat"]
[Black "Larionov, Sergey Aleksandrovi"]
[Result "1-0"]
[WhiteElo "2484"]
[BlackElo "2208"]
[PlyCount "73"]
[EventDate "2009.05.08"]
[EventType "tourn"]
[EventRounds "11"]
[EventCountry "RUS"]
[EventCategory "3"]
[SourceTitle "CBM 130 Extra"]
[Source "ChessBase"]
[SourceDate "2009.07.02"]
[SourceVersion "2"]
[SourceVersionDate "2009.07.15"]
[SourceQuality "1"]

1. d4 Nf6 2. c4 c5 3. d5 e6 4. Nc3 exd5 5. cxd5 d6 6. Nf3 g6 7. Bf4 Nh5 8. Bg5 f6 9. Bh4 Bh6 10. e3 0-0 11. Bd3 a6 12. a4 Ng7 13. Nd2 g5 14. Bg3 f5 15. f3 f4 16. exf4 gxf4 17. Bf2 Bf5 18. Nc4 b6 19. Ne4 Ne8 20. 0-0 Ra7 21. Nc3 Rg7 22. Kh1 Nd7 23. Re1 Rg6 24. Bxf5 Rxf5 25. Re2 Bg7 26. Qd3 Rh5 27. Rae1 Ne5 28. Nxe5 Bxe5 29. Qxa6 Qd7 30. Bg1 Ng7 31. Qa8+ Kf7 32. Qc6 Qxc6 33. dxc6 Nf5 34. Bf2 Nd4 35. Bxd4 Bxd4 36. Nb5 d5 37. Re7+ 1-0